<The> art and discipline of strategic leadership

Guardado en:
Detalles Bibliográficos
Autor principal: Freedman, Mike
Otros Autores: Tregoe, Benjamin B.
Formato: Libro
Lenguaje:inglés
Publicado: New York McGraw-Hill 2003
Materias:
Etiquetas: Agregar Etiqueta
Sin Etiquetas, Sea el primero en etiquetar este registro!

MARC

LEADER 00000nam$a2200000$$$4500
001 0105277
005 20231215114937.6
020 |a 0-07-141066-X 
041 0 |a eng 
044 |a US 
245 1 0 |a <The> art and discipline of strategic leadership  |c Mike Freedman with Benjamin B. Tregoe 
264 1 |a New York  |b McGraw-Hill  |c 2003 
300 |a xv, 218 s. 
610 2 0 |a manažment strategický 
610 2 0 |a riadenie strategické 
610 2 0 |a riadenie 
610 2 0 |a vedenie 
610 2 0 |a stratégia podnikateľská 
610 2 0 |a stratégia podniková 
610 2 0 |a pracovníci vedúci 
610 2 0 |a manažéri 
100 1 |a Freedman, Mike 
700 1 |a Tregoe, Benjamin B.